[Event "AUT-chT2M 2324"]
[Site "Austria"]
[Date "2023.11.04"]
[Round "2.5"]
[White "Wiesinger, Robert"]
[Black "Perhinig, Robert"]
[Result "1/2-1/2"]
[WhiteElo "2166"]
[BlackElo "2181"]
[PlyCount "37"]
[EventDate "2023.11.03"]
[EventType "team-tourn"]
[EventRounds "11"]
[EventCountry "AUT"]
[SourceTitle "CB46_2023"]
[SourceDate "2023.11.15"]
[SourceVersion "1"]
[SourceVersionDate "2023.11.15"]
[SourceQuality "1"]
[WhiteTeam "Steyregg"]
[BlackTeam "Villach Admira"]
[WhiteTeamCountry "AUT"]
[BlackTeamCountry "AUT"]

1. e4 e6 2. d4 d5 3. Nc3 Bb4 4. e5 c5 5. a3 Bxc3+ 6. bxc3 Nc6 7. Qg4 g6 8. Nf3 Qa5 9. Bd2 Qa4 10. Be2 Bd7 11. 0-0 c4 12. Qh4 h6 13. Ra2 Nge7 14. Bg5 Rh7 15. Rb2 b6 16. Bf6 Ng8 17. Bg5 Nge7 18. Bf6 Ng8 19. Bg5 1/2-1/2

[Event "Feffernitz op 31st"]
[Site "Feffernitz"]
[Date "2022.08.09"]
[Round "5"]
[White "Postlmayer, Jakob"]
[Black "Perhinig, Robert"]
[Result "1/2-1/2"]
[WhiteElo "2268"]
[BlackElo "2202"]
[PlyCount "80"]
[EventDate "2022.08.06"]
[EventType "swiss"]
[EventRounds "9"]
[EventCountry "AUT"]
[SourceTitle "CBM 209 Extra"]
[Source "ChessBase"]
[SourceDate "2022.09.30"]
[SourceVersion "1"]
[SourceVersionDate "2022.09.30"]
[SourceQuality "1"]

1. e4 e6 2. d4 d5 3. Nc3 Nf6 4. e5 Nfd7 5. f4 c5 6. Nf3 Nc6 7. Be3 cxd4 8. Nxd4 Bc5 9. Qd2 a6 10. 0-0-0 0-0 11. Qf2 Bxd4 12. Bxd4 b5 13. Be3 b4 14. Na4 a5 15. Nc5 Qc7 16. h4 d4 17. Bxd4 Nxd4 18. Nxd7 Nb3+ 19. Kb1 Bxd7 20. cxb3 a4 21. Bc4 Bc6 22. Rhe1 Qb7 23. bxa4 Rxa4 24. b3 Ra5 25. Rd2 h5 26. Ka1 g6 27. f5 Bd5 28. f6 Kh7 29. Bxd5 Rxd5 30. Qf3 Rfd8 31. Rc1 Qb8 32. Rxd5 Rxd5 33. Qf4 Rxe5 34. Rd1 Qc7 35. Qxb4 Re2 36. Qc4 Qe5+ 37. Qd4 Qc7 38. Qc4 Qe5+ 39. Qd4 Qc7 40. Qc4 Qe5+ 1/2-1/2

[Event "Mittelfranken Landesliga Sued 2122"]
[Site "Mittelfranken"]
[Date "2022.05.29"]
[Round "9.7"]
[White "Perhinig, Robert"]
[Black "Koester, Roman"]
[Result "1-0"]
[WhiteElo "2182"]
[BlackElo "2065"]
[PlyCount "101"]
[EventDate "2021.10.24"]
[EventType "team-tourn"]
[EventRounds "9"]
[EventCountry "GER"]
[SourceTitle "EXT 2024"]
[Source "ChessBase"]
[SourceDate "2023.10.10"]
[SourceVersion "1"]
[SourceVersionDate "2023.10.10"]
[SourceQuality "1"]
[WhiteTeam "Muenchen SC II"]
[BlackTeam "Muenchen Tarrasch"]
[WhiteTeamCountry "GER"]
[BlackTeamCountry "GER"]

1. d4 Nf6 2. Bg5 d6 3. Bxf6 gxf6 4. g3 f5 5. Bg2 e6 6. c4 Nd7 7. Nc3 Nf6 8. Nf3 Bg7 9. 0-0 0-0 10. Qc2 c6 11. b4 d5 12. c5 Ne4 13. e3 Qc7 14. Ne2 Bd7 15. Nf4 a6 16. Nd3 Be8 17. Nd2 f6 18. f3 Nxd2 19. Qxd2 e5 20. f4 Bg6 21. a4 e4 22. Nf2 Be8 23. Nd1 Qf7 24. Nc3 Bd7 25. Rfb1 h5 26. h4 Kh7 27. Kh2 Rg8 28. Bf1 Bf8 29. Qf2 Be7 30. b5 axb5 31. axb5 Rgb8 32. Ra2 Qe8 33. Rba1 Kh6 34. Qb2 Qc8 35. Qb3 Be6 36. Na4 Bd8 37. Nb6 Rxa2+ 38. Rxa2 Bxb6 39. cxb6 c5 40. Qa3 c4 41. Qd6 Kg6 42. Be2 Bf7 43. Qc7 Be8 44. Kh3 Bd7 45. Qd6 Be6 46. Qc7 Bd7 47. Bd1 Kh6 48. Qd6 Kg6 49. Qc7 Be6 50. Bxh5+ Kxh5 51. Qh7# 1-0

[Event "AUT-chT2M 2122"]
[Site "Austria"]
[Date "2022.05.01"]
[Round "11.1"]
[White "Perhinig, Robert"]
[Black "Manhardt, Thomas"]
[Result "1/2-1/2"]
[WhiteElo "2234"]
[BlackElo "2176"]
[PlyCount "117"]
[EventDate "2021.10.01"]
[EventType "team-tourn"]
[EventRounds "11"]
[EventCountry "AUT"]
[SourceTitle "EXT 2023"]
[Source "ChessBase"]
[SourceDate "2022.10.05"]
[SourceVersion "1"]
[SourceVersionDate "2022.10.05"]
[SourceQuality "1"]
[WhiteTeam "Graz Schachgesellschaft"]
[BlackTeam "Gleisdorf"]
[WhiteTeamCountry "AUT"]
[BlackTeamCountry "AUT"]

1. d4 f5 2. g3 Nf6 3. Bg2 g6 4. Nf3 Bg7 5. 0-0 0-0 6. c4 d6 7. Nc3 Nc6 8. b3 e5 9. Bb2 e4 10. Ne1 h6 11. Nc2 a6 12. f3 exf3 13. Bxf3 g5 14. e4 fxe4 15. Nxe4 Bh3 16. Nxf6+ Rxf6 17. Bg2 Bxg2 18. Kxg2 Rxf1 19. Qxf1 Qf6 20. Qxf6 Bxf6 21. Re1 Kf7 22. Kf3 h5 23. h3 Kg6 24. Re4 Rf8 25. Ke2 Ne7 26. Ne3 Nf5 27. Nxf5 Kxf5 28. Kd3 Kg6 29. Re6 Kf5 30. Re2 Kg6 31. Rf2 Re8 32. Bc3 Re7 33. b4 b5 34. cxb5 axb5 35. a4 bxa4 36. Ra2 Rf7 37. Rxa4 Bd8 38. Ke4 c6 39. d5 Re7+ 40. Kd3 cxd5 41. Ra6 Rd7 42. g4 hxg4 43. hxg4 Bf6 44. Bd2 Kf7 45. b5 Rb7 46. b6 Ke6 47. Be3 Kd7 48. Ra8 d4 49. Bxd4 Bxd4 50. Kxd4 Rxb6 51. Ra5 Rb4+ 52. Kd5 Rxg4 53. Ra7+ Ke8 54. Kxd6 Kf8 55. Ke5 Rf4 56. Rh7 Rf7 57. Rxf7+ Kxf7 58. Kf5 Kg7 59. Kxg5 1/2-1/2

[Event "AUT-chT2M 2122"]
[Site "Austria"]
[Date "2022.04.30"]
[Round "10.1"]
[White "Hellmayr, Alois"]
[Black "Perhinig, Robert"]
[Result "1-0"]
[WhiteElo "2214"]
[BlackElo "2234"]
[PlyCount "85"]
[EventDate "2021.10.01"]
[EventType "team-tourn"]
[EventRounds "11"]
[EventCountry "AUT"]
[SourceTitle "EXT 2023"]
[Source "ChessBase"]
[SourceDate "2022.10.05"]
[SourceVersion "1"]
[SourceVersionDate "2022.10.05"]
[SourceQuality "1"]
[WhiteTeam "Sauwald"]
[BlackTeam "Graz Schachgesellschaft"]
[WhiteTeamCountry "AUT"]
[BlackTeamCountry "AUT"]

1. Nf3 d5 2. g3 Nf6 3. Bg2 c6 4. 0-0 Bg4 5. d3 Nbd7 6. h3 Bh5 7. Qe1 e5 8. e4 dxe4 9. dxe4 Bc5 10. a4 a5 11. Nbd2 0-0 12. Nc4 Re8 13. Bd2 b6 14. Nh4 Qc7 15. Nf5 Bg6 16. Nh4 Nf8 17. Nxg6 hxg6 18. Qe2 Ne6 19. c3 Rad8 20. Rfd1 Rd7 21. Bf3 Red8 22. h4 Nh5 23. Be3 Rxd1+ 24. Rxd1 Rxd1+ 25. Qxd1 Nf6 26. Qd3 b5 27. axb5 cxb5 28. Nd2 Bxe3 29. Qxe3 Nc5 30. Bd1 Qc6 31. f3 Qd6 32. Bc2 Nfd7 33. Nb3 Na4 34. Nxa5 Nxb2 35. Bb3 Qa3 36. Qd2 Nf8 37. Qd5 Nc4 38. Nxc4 Qxb3 39. Nxe5 Qxd5 40. exd5 f6 41. Nc6 Kf7 42. Kf2 Nd7 43. Ke3 1-0

[Event "AUT-chT2M 2122"]
[Site "Austria"]
[Date "2022.03.26"]
[Round "8.1"]
[White "Perhinig, Robert"]
[Black "Kristoferitsch, Daniel"]
[Result "0-1"]
[WhiteElo "2234"]
[BlackElo "2290"]
[PlyCount "98"]
[EventDate "2021.10.01"]
[EventType "team-tourn"]
[EventRounds "11"]
[EventCountry "AUT"]
[SourceTitle "EXT 2023"]
[Source "ChessBase"]
[SourceDate "2022.10.05"]
[SourceVersion "1"]
[SourceVersionDate "2022.10.05"]
[SourceQuality "1"]
[WhiteTeam "Graz Schachgesellschaft"]
[BlackTeam "Graz Schachfreunde"]
[WhiteTeamCountry "AUT"]
[BlackTeamCountry "AUT"]

1. d4 Nf6 2. c4 e6 3. Nc3 Bb4 4. e3 0-0 5. Nge2 Re8 6. a3 Bf8 7. Ng3 d5 8. Be2 b6 9. cxd5 exd5 10. 0-0 c5 11. dxc5 bxc5 12. b4 cxb4 13. axb4 Bxb4 14. Nb5 a5 15. Bb2 Na6 16. Qd4 Bd7 17. Qf4 Qb8 18. Qxb8 Rexb8 19. Nd4 Nc5 20. Ndf5 Nce4 21. Rfc1 Bd2 22. Rc2 Rxb2 23. Rxb2 Bc3 24. Rbb1 Bxa1 25. Rxa1 Nxg3 26. Nxg3 Kf8 27. Bd1 Ke7 28. Ne2 Kd6 29. Nd4 Ne4 30. f3 Nd2 31. Kf2 Nc4 32. Be2 a4 33. Bxc4 dxc4 34. Ke2 Kc5 35. Kd2 Rb8 36. Kc3 Re8 37. Nc2 Rb8 38. Nd4 f6 39. Rd1 Rb7 40. Ra1 Rb6 41. Rd1 Be8 42. Ra1 Ra6 43. Ra2 Bg6 44. e4 Rd6 45. Nc2 Rd3+ 46. Kb2 Be8 47. Kc1 c3 48. Ne1 Re3 49. Kd1 Bf7 0-1

[Event "AUT-chT2M 2122"]
[Site "Austria"]
[Date "2022.03.25"]
[Round "7.1"]
[White "Rogic, Davor"]
[Black "Perhinig, Robert"]
[Result "1-0"]
[WhiteElo "2467"]
[BlackElo "2234"]
[PlyCount "99"]
[EventDate "2021.10.01"]
[EventType "team-tourn"]
[EventRounds "11"]
[EventCountry "AUT"]
[SourceTitle "EXT 2023"]
[Source "ChessBase"]
[SourceDate "2022.10.05"]
[SourceVersion "1"]
[SourceVersionDate "2022.10.05"]
[SourceQuality "1"]
[WhiteTeam "St Veit/Glan II"]
[BlackTeam "Graz Schachgesellschaft"]
[WhiteTeamCountry "AUT"]
[BlackTeamCountry "AUT"]

1. e4 e6 2. d4 d5 3. Nd2 Nf6 4. e5 Nfd7 5. Bd3 c5 6. c3 Nc6 7. Ne2 cxd4 8. cxd4 f6 9. exf6 Nxf6 10. Nf3 Bd6 11. 0-0 0-0 12. Bf4 Bxf4 13. Nxf4 Ne4 14. Qc1 Ng5 15. Nxg5 Qxg5 16. Bxh7+ Kxh7 17. Nxe6 Qxc1 18. Nxf8+ Kg8 19. Raxc1 Kxf8 20. Rfe1 Kf7 21. f3 Be6 22. Rcd1 Rc8 23. Rd2 Kf6 24. h4 Rh8 25. g3 Bf7 26. Kg2 Bg6 27. Kh3 Bf7 28. g4 g5 29. h5 Nd8 30. Re5 Be6 31. Kg3 Nf7 32. Re3 Nd6 33. Rc3 Rh7 34. a4 Re7 35. Re2 Rh7 36. b3 Re7 37. Rc5 Rh7 38. Rec2 Re7 39. Rc7 Bd7 40. Rh2 Kg7 41. Rh1 a6 42. Kf2 Rf7 43. Re1 Bc6 44. Rxf7+ Nxf7 45. Re6 Bd7 46. Rg6+ Kh7 47. Kg3 Kh8 48. f4 gxf4+ 49. Kxf4 Kh7 50. g5 1-0

[Event "AUT-ch Blitz"]
[Site "Graz"]
[Date "2021.06.06"]
[Round "5"]
[White "Perhinig, Robert"]
[Black "Schreiner, Peter"]
[Result "0-1"]
[WhiteElo "2242"]
[BlackElo "2446"]
[PlyCount "60"]
[EventDate "2021.06.06"]
[EventType "swiss (blitz)"]
[EventRounds "11"]
[EventCountry "AUT"]
[SourceTitle "CBM 202 Extra"]
[Source "ChessBase"]
[SourceDate "2021.07.31"]
[SourceVersion "1"]
[SourceVersionDate "2021.07.31"]
[SourceQuality "1"]

1. c4 g6 2. Nc3 c5 3. e4 Nc6 4. d3 Bg7 5. Be3 d6 6. f4 a6 7. Nf3 Bg4 8. Be2 Bxf3 9. Bxf3 e6 10. 0-0 Nge7 11. g4 0-0 12. Qd2 Rb8 13. Rae1 b5 14. b3 bxc4 15. dxc4 Qa5 16. Na4 Qxd2 17. Bxd2 Nb4 18. Bxb4 Bd4+ 19. Kg2 Rxb4 20. Re2 a5 21. h4 h6 22. Kg3 g5 23. hxg5 hxg5 24. fxg5 Kg7 25. Rh1 Ng6 26. Nb2 Be5+ 27. Kf2 Nf4 28. Nd1 Nxe2 29. Bxe2 a4 30. bxa4 Rxa4 0-1

[Event "AUT-ch Rapid"]
[Site "Graz"]
[Date "2021.06.05"]
[Round "5"]
[White "Eder, Matthias"]
[Black "Perhinig, Robert"]
[Result "0-1"]
[WhiteElo "2180"]
[BlackElo "2242"]
[PlyCount "42"]
[EventDate "2021.06.04"]
[EventType "swiss (rapid)"]
[EventRounds "9"]
[EventCountry "AUT"]
[SourceTitle "CBM 202 Extra"]
[Source "ChessBase"]
[SourceDate "2021.07.31"]
[SourceVersion "1"]
[SourceVersionDate "2021.07.31"]
[SourceQuality "1"]

1. e4 e6 2. d4 d5 3. e5 c5 4. c3 Nc6 5. Nf3 Bd7 6. Bd3 cxd4 7. 0-0 dxc3 8. Nxc3 Nge7 9. Bg5 a6 10. Re1 Qc7 11. Rc1 Ng6 12. h4 Be7 13. Bxe7 Ngxe7 14. h5 h6 15. a3 0-0 16. Bb1 f5 17. exf6 Rxf6 18. Qd3 Nf5 19. g4 Qf4 20. Nh2 Nh4 21. Re2 Qxc1+ 0-1

[Event "AUT-ch Rapid"]
[Site "Graz"]
[Date "2021.06.05"]
[Round "8"]
[White "Perhinig, Robert"]
[Black "Schein, Karl Heinz"]
[Result "1/2-1/2"]
[WhiteElo "2242"]
[BlackElo "2193"]
[PlyCount "106"]
[EventDate "2021.06.04"]
[EventType "swiss (rapid)"]
[EventRounds "9"]
[EventCountry "AUT"]
[SourceTitle "CBM 202 Extra"]
[Source "ChessBase"]
[SourceDate "2021.07.31"]
[SourceVersion "1"]
[SourceVersionDate "2021.07.31"]
[SourceQuality "1"]

1. d4 e6 2. Nf3 f5 3. g3 Nf6 4. Bg2 d5 5. 0-0 Bd6 6. c4 c6 7. b3 Qe7 8. a4 0-0 9. Ba3 Bd7 10. Ne5 Be8 11. e3 Bxa3 12. Nxa3 Nbd7 13. f4 Bh5 14. Qd2 Nxe5 15. fxe5 Ne4 16. Qc2 g5 17. c5 Bg6 18. Bxe4 fxe4 19. Qe2 Rf5 20. Rxf5 exf5 21. b4 Rf8 22. Rf1 Qf7 23. b5 Bh5 24. Qb2 Bf3 25. Qd2 Qg6 26. Nc2 f4 27. Ne1 fxg3 28. hxg3 h5 29. Qc2 Qh6 30. bxc6 bxc6 31. Ng2 Qg7 32. Kh2 Qd7 33. Ne1 Qg7 34. Ng2 Qh6 35. Qd2 Kh8 36. Qa5 h4 37. gxh4 gxh4 38. Qe1 Rg8 39. Rg1 h3 40. Nh4 Rg2+ 41. Rxg2 hxg2 42. Qg3 Kh7 43. Qf4 Qg7 44. Qf5+ Kg8 45. Nxf3 exf3 46. Kg1 Qg3 47. Qc8+ Kg7 48. Qd7+ Kg6 49. Qe6+ Kg7 50. Qe7+ Kg8 51. Qe8+ Kg7 52. Qe7+ Kg8 53. Qe8+ Kg7 1/2-1/2

[Event "AUT-ch Rapid"]
[Site "Graz"]
[Date "2021.06.05"]
[Round "7"]
[White "Scheffknecht, Philipp"]
[Black "Perhinig, Robert"]
[Result "0-1"]
[WhiteElo "2052"]
[BlackElo "2242"]
[PlyCount "156"]
[EventDate "2021.06.04"]
[EventType "swiss (rapid)"]
[EventRounds "9"]
[EventCountry "AUT"]
[SourceTitle "CBM 202 Extra"]
[Source "ChessBase"]
[SourceDate "2021.07.31"]
[SourceVersion "1"]
[SourceVersionDate "2021.07.31"]
[SourceQuality "1"]

1. Nf3 d5 2. g3 Nf6 3. Bg2 c6 4. 0-0 Bg4 5. b3 Nbd7 6. Bb2 e6 7. c4 Be7 8. d3 0-0 9. Nbd2 a5 10. a3 Ne8 11. h3 Bh5 12. Qc2 Bf6 13. Rad1 Bxb2 14. Qxb2 Qf6 15. Qxf6 Nexf6 16. g4 Bg6 17. Nh4 Ne8 18. Nxg6 hxg6 19. d4 f5 20. e3 Nef6 21. f3 Rfd8 22. Rfe1 Kf7 23. Rf1 c5 24. g5 Ne8 25. cxd5 exd5 26. e4 cxd4 27. exd5 Nc7 28. f4 Nb6 29. Nc4 Nbxd5 30. Rxd4 Nc3 31. Ne5+ Kg8 32. Rc4 N7d5 33. Bxd5+ Nxd5 34. Re1 Rac8 35. Nxg6 Kh7 36. Ne7 Rxc4 37. bxc4 Nxf4 38. g6+ Nxg6 39. Nxf5 Rf8 40. Nd6 b6 41. Kg2 Rf6 42. Ne4 Rc6 43. Ng5+ Kh6 44. Nf7+ Kh5 45. Ne5 Re6 46. Nf3 Nh4+ 47. Kg3 Rg6+ 48. Kf2 Rg2+ 49. Ke3 Rg3 50. Rf1 Rxh3 51. Rb1 Rxf3+ 52. Ke4 Rf6 53. Rb5+ g5 54. c5 bxc5 55. Rxc5 a4 56. Rc8 Kg4 57. Ke5 Rf3 58. Rc4+ Rf4 59. Rc3 Nf3+ 60. Ke6 Nd4+ 61. Ke5 Nb5 62. Re3 Nd4 63. Rc3 Nf3+ 64. Ke6 Kg3 65. Kd5 g4 66. Re3 Kf2 67. Rc3 g3 68. Rc2+ Ke3 69. Rg2 Rg4 70. Kc5 Nh4 71. Rg1 g2 72. Kb5 Nf3 73. Rxg2 Rxg2 74. Kxa4 Rb2 75. Ka5 Kd4 76. a4 Kc5 77. Ka6 Ra2 78. Ka5 Nd4 0-1

[Event "AUT-ch Zwisch Internet"]
[Site "Playchess.com INT"]
[Date "2020.05.02"]
[Round "1"]
[White "Lerch, Johannes"]
[Black "Perhinig, Robert"]
[Result "0-1"]
[WhiteElo "2005"]
[BlackElo "2252"]
[PlyCount "186"]
[EventDate "2020.05.02"]
[EventType "swiss (blitz)"]
[EventRounds "13"]
[EventCountry "AUT"]
[SourceTitle "CBM 195 Extra"]
[Source "ChessBase"]
[SourceDate "2020.05.31"]
[SourceVersion "1"]
[SourceVersionDate "2020.05.31"]
[SourceQuality "1"]

1. e4 e6 2. d4 d5 3. Nd2 Nf6 4. e5 Nfd7 5. Bd3 c5 6. c3 Nc6 7. Ne2 cxd4 8. cxd4 f6 9. exf6 Nxf6 10. Nf3 Bd6 11. 0-0 0-0 12. h3 Bd7 13. Be3 Be8 14. a3 Bh5 15. Ng3 Qe8 16. Be2 Bg6 17. Bd3 Bxd3 18. Qxd3 h6 19. b4 a6 20. Rac1 Rc8 21. Rc2 Bxg3 22. fxg3 Ne4 23. Bf2 Qe7 24. Re2 Qd6 25. Nd2 Nxf2 26. Rexf2 Rxf2 27. Rxf2 Rf8 28. Rxf8+ Qxf8 29. Nf3 Qf6 30. Kf2 Ne7 31. g4 Nc8 32. Qe3 Nd6 33. Qe5 Nc4 34. Qb8+ Kh7 35. Qxb7 Qf4 36. Kg1 Qe3+ 37. Kh2 Qf4+ 38. Kg1 Qe3+ 39. Kh2 Qxa3 40. b5 Qd6+ 41. Kg1 a5 42. Qc6 a4 43. Qxd6 Nxd6 44. b6 a3 45. Nd2 a2 46. Nb3 Kg8 47. Kf2 Kf7 48. Ke2 Ke7 49. Kd3 Kd7 50. Kc2 Nc4 51. Na1 Kc6 52. Kb3 Kxb6 53. Kxa2 Ne3 54. Nb3 Nxg2 55. Nc5 Nf4 56. h4 Kc6 57. Kb3 Kd6 58. Kc3 g5 59. hxg5 hxg5 60. Nb7+ Kc6 61. Nd8+ Kd7 62. Nf7 Nh3 63. Ne5+ Ke7 64. Kd3 Kf6 65. Ke3 Nf4 66. Nd7+ Ke7 67. Ne5 Kf6 68. Nd7+ Kg7 69. Ne5 Ng6 70. Nd7 Kf7 71. Nc5 Ke7 72. Na6 Kd6 73. Nb4 Ne7 74. Nd3 Ng8 75. Ne5 Nf6 76. Nf7+ Ke7 77. Nxg5 Nxg4+ 78. Kf4 Nf6 79. Ke5 Nd7+ 80. Kf4 Kf6 81. Nf3 Nb6 82. Ne5 Nc4 83. Nd7+ Ke7 84. Nc5 Kd6 85. Nd3 Nd2 86. Ke3 Nb3 87. Nf4 Nxd4 88. Ng6 Nc6 89. Kd3 e5 90. Nh4 e4+ 91. Ke3 Ke5 92. Ng6+ Kf5 93. Nf4 d4+ 0-1

[Event "AUT-ch Zwisch Internet"]
[Site "Playchess.com INT"]
[Date "2020.05.02"]
[Round "2"]
[White "Perhinig, Robert"]
[Black "Hiermann, Dietmar"]
[Result "1-0"]
[WhiteElo "2252"]
[BlackElo "2250"]
[PlyCount "155"]
[EventDate "2020.05.02"]
[EventType "swiss (blitz)"]
[EventRounds "13"]
[EventCountry "AUT"]
[SourceTitle "CBM 195 Extra"]
[Source "ChessBase"]
[SourceDate "2020.05.31"]
[SourceVersion "1"]
[SourceVersionDate "2020.05.31"]
[SourceQuality "1"]

1. d4 d5 2. Bf4 Bf5 3. e3 e6 4. c4 c6 5. Nc3 Nd7 6. Qb3 Qb6 7. c5 Qxb3 8. axb3 a6 9. b4 Rc8 10. Nf3 f6 11. h4 h5 12. Nd2 e5 13. Bg3 Ne7 14. Nb3 Ng6 15. Na5 Rc7 16. Be2 Be7 17. Kd2 Ndf8 18. f3 Rd7 19. Nxc6 bxc6 20. Rxa6 Rc7 21. b5 Ne6 22. e4 dxe4 23. fxe4 Bg4 24. Ra8+ Kf7 25. Rxh8 Nxh8 26. b6 Rd7 27. d5 Bxc5 28. Bc4 Bxb6 29. Ra1 cxd5 30. exd5 Nc5 31. Ra8 Ng6 32. b4 Nb7 33. Bb5 Rd8 34. Ra6 Bd4 35. Ne4 Ne7 36. Bc4 Nf5 37. Be1 Nfd6 38. Nxd6+ Nxd6 39. Bb3 Bc8 40. Ra8 Bb7 41. Rxd8 Ke7 42. Rh8 Nf5 43. g3 Nd6 44. Rxh5 Nf7 45. Rh7 Kf8 46. d6 Nxd6 47. Rh8+ Ke7 48. Rb8 Bg2 49. Kc2 Ba7 50. Rh8 Be4+ 51. Kd1 Bf3+ 52. Kc1 Be3+ 53. Bd2 Bf2 54. h5 Bxg3 55. h6 gxh6 56. Rxh6 Nf5 57. Rh7+ Kd6 58. Kc2 Nd4+ 59. Kc3 Nxb3 60. Kxb3 Bd5+ 61. Kc3 Bf2 62. Rh8 Bd4+ 63. Kc2 e4 64. Bc3 Bxc3 65. Kxc3 f5 66. Kd4 Bc6 67. Rh6+ Kc7 68. Kc5 Bd7 69. b5 e3 70. b6+ Kb7 71. Rh7 Kc8 72. Kd6 Bb5 73. b7+ Kb8 74. Kc5 e2 75. Re7 Bd7 76. Kb6 f4 77. Rxd7 e1Q 78. Rd8# 1-0

[Event "AUT-ch Zwisch Internet"]
[Site "Playchess.com INT"]
[Date "2020.05.02"]
[Round "7"]
[White "Peyrer, Konstantin"]
[Black "Perhinig, Robert"]
[Result "1-0"]
[WhiteElo "2265"]
[BlackElo "2252"]
[PlyCount "57"]
[EventDate "2020.05.02"]
[EventType "swiss (blitz)"]
[EventRounds "13"]
[EventCountry "AUT"]
[SourceTitle "CBM 195 Extra"]
[Source "ChessBase"]
[SourceDate "2020.05.31"]
[SourceVersion "1"]
[SourceVersionDate "2020.05.31"]
[SourceQuality "1"]

1. e4 e6 2. b3 d5 3. Bb2 Nf6 4. e5 Nfd7 5. Nf3 c5 6. g3 Nc6 7. Bg2 g6 8. Qe2 Bg7 9. h4 h5 10. d3 Qc7 11. Nc3 Ndxe5 12. 0-0-0 0-0 13. Nxe5 Qxe5 14. Qf1 b5 15. Re1 Qb8 16. g4 b4 17. Ne2 Bxb2+ 18. Kxb2 a5 19. gxh5 Qe5+ 20. Kb1 Qxh5 21. Ng3 Qg4 22. h5 a4 23. hxg6 fxg6 24. Qg1 axb3 25. cxb3 Qd4 26. Re3 Bd7 27. Qh2 Qg7 28. Nh5 Qh6 29. Nf6+ 1-0

[Event "AUT-ch Vor4 Internet"]
[Site "Playchess.com INT"]
[Date "2020.04.25"]
[Round "7"]
[White "Leisch, Lukas"]
[Black "Perhinig, Robert"]
[Result "1-0"]
[WhiteElo "2362"]
[BlackElo "2252"]
[PlyCount "83"]
[EventDate "2020.04.25"]
[EventType "swiss (blitz)"]
[EventRounds "9"]
[EventCountry "AUT"]
[SourceTitle "EXT 2021"]
[Source "ChessBase"]
[SourceDate "2020.10.23"]
[SourceVersion "1"]
[SourceVersionDate "2020.10.23"]
[SourceQuality "1"]

1. Nc3 Nf6 2. e3 g6 3. b3 Bg7 4. Bb2 0-0 5. Nf3 b6 6. Be2 Bb7 7. 0-0 c5 8. d4 d6 9. Re1 Nc6 10. a4 h5 11. Nb5 a6 12. Na3 Qc7 13. d5 Nb4 14. c4 e5 15. Nc2 Nxc2 16. Qxc2 Ng4 17. e4 Bh6 18. a5 f5 19. axb6 Qxb6 20. h3 Nf6 21. exf5 gxf5 22. Qxf5 Bc8 23. Qg6+ Bg7 24. Ng5 Bd7 25. Ne6 Bxe6 26. dxe6 Qxb3 27. Bc1 Rae8 28. Bh6 Re7 29. Rxa6 Ne8 30. Bd3 Nf6 31. Bg5 e4 32. Bxe4 Nxe4 33. Qxe4 Qb2 34. Qe2 Rb7 35. Qxb2 Rxb2 36. e7 Re8 37. Rxd6 Kf7 38. Rd8 Rb7 39. Red1 Bf6 40. Rxe8 Kxe8 41. Bxf6 Kf7 42. Bh4 1-0

[Event "AUT-ch Vor4 Internet"]
[Site "Playchess.com INT"]
[Date "2020.04.25"]
[Round "4"]
[White "Perhinig, Robert"]
[Black "Horvath, Dominik"]
[Result "0-1"]
[WhiteElo "2252"]
[BlackElo "2446"]
[PlyCount "56"]
[EventDate "2020.04.25"]
[EventType "swiss (blitz)"]
[EventRounds "9"]
[EventCountry "AUT"]
[SourceTitle "EXT 2021"]
[Source "ChessBase"]
[SourceDate "2020.10.23"]
[SourceVersion "1"]
[SourceVersionDate "2020.10.23"]
[SourceQuality "1"]

1. c4 e6 2. g3 d5 3. Bg2 d4 4. d3 Nc6 5. a3 a5 6. Nf3 Nge7 7. 0-0 Nf5 8. e4 dxe3 9. fxe3 h5 10. d4 h4 11. g4 h3 12. gxf5 hxg2 13. Kxg2 exf5 14. d5 Ne7 15. Nc3 Ng6 16. e4 fxe4 17. Nxe4 Bh3+ 18. Kh1 Bxf1 19. Qxf1 Qd7 20. Bd2 0-0-0 21. b4 Re8 22. Ng3 Bd6 23. Qf2 Qg4 24. Kg1 Qxc4 25. Rc1 Qxd5 26. bxa5 Nf4 27. Bxf4 Bxf4 28. Rb1 Be3 0-1

[Event "AUT-ch Vor3 Internet"]
[Site "Playchess.com INT"]
[Date "2020.04.17"]
[Round "5"]
[White "Perhinig, Robert"]
[Black "Kuecher, Wolfgang"]
[Result "1/2-1/2"]
[WhiteElo "2252"]
[BlackElo "2117"]
[PlyCount "122"]
[EventDate "2020.04.17"]
[EventType "swiss (blitz)"]
[EventRounds "9"]
[EventCountry "AUT"]
[SourceTitle "CBM 195 Extra"]
[Source "ChessBase"]
[SourceDate "2020.05.31"]
[SourceVersion "1"]
[SourceVersionDate "2020.05.31"]
[SourceQuality "1"]

1. d4 Nf6 2. Bg5 c5 3. d5 Qb6 4. Nc3 Qxb2 5. Bd2 Qb6 6. e4 d6 7. f4 e6 8. Rb1 Qc7 9. Bb5+ Bd7 10. dxe6 fxe6 11. Qe2 Nc6 12. Nf3 Be7 13. e5 dxe5 14. fxe5 Nd5 15. Nxd5 exd5 16. e6 Bc8 17. 0-0 0-0 18. Ng5 Nd4 19. Rxf8+ Bxf8 20. Qh5 g6 21. Qh4 Nxe6 22. Rf1 Nxg5 23. Bxg5 Bg7 24. Bf4 Qb6 25. Be2 Bf5 26. Qe7 Bf6 27. Qc7 Qxc7 28. Bxc7 Rc8 29. Bd6 Bd4+ 30. Kh1 Bxc2 31. Bg4 Bf5 32. Bxf5 gxf5 33. Rxf5 Re8 34. g3 Rd8 35. Rxd5 Be5 36. Rxe5 Rxd6 37. Rxc5 Rd1+ 38. Kg2 Rd2+ 39. Kf3 Rxh2 40. a4 Ra2 41. a5 Rb2 42. g4 Kg7 43. Kf4 Kg6 44. Rd5 Rb4+ 45. Kg3 b6 46. axb6 axb6 47. Kh4 Rb1 48. Rd6+ Kg7 49. Kg5 b5 50. Rd7+ Kg8 51. Rb7 b4 52. Kf6 h6 53. Kg6 Kf8 54. Kxh6 b3 55. Kg6 b2 56. g5 Ke8 57. Kg7 Rg1 58. Rxb2 Rxg5+ 59. Kf6 Rc5 60. Ke6 Rc6+ 61. Kd5 Rh6 1/2-1/2

[Event "AUT-ch Vor2 Internet"]
[Site "Playchess.com INT"]
[Date "2020.04.13"]
[Round "9"]
[White "Perhinig, Robert"]
[Black "Schein, Karl Heinz"]
[Result "1-0"]
[WhiteElo "2252"]
[BlackElo "2187"]
[PlyCount "77"]
[EventDate "2020.04.13"]
[EventType "swiss (blitz)"]
[EventRounds "9"]
[EventCountry "AUT"]
[SourceTitle "CBM 195 Extra"]
[Source "ChessBase"]
[SourceDate "2020.05.31"]
[SourceVersion "1"]
[SourceVersionDate "2020.05.31"]
[SourceQuality "1"]

1. d4 Nf6 2. Bg5 e6 3. Nd2 d5 4. e3 Be7 5. Ngf3 0-0 6. Bd3 b6 7. 0-0 Ba6 8. Bxa6 Nxa6 9. Qe2 Nb8 10. Ne5 Nbd7 11. Nc6 Qe8 12. Nxe7+ Qxe7 13. f4 h6 14. Bh4 Qd6 15. Nf3 Ne4 16. c3 f5 17. h3 c5 18. g4 cxd4 19. cxd4 Rac8 20. Rac1 fxg4 21. hxg4 Ndf6 22. Bxf6 Nxf6 23. Ne5 Ne4 24. Qa6 Rc7 25. a3 Kh7 26. Kg2 Qe7 27. g5 hxg5 28. Rh1+ Kg8 29. Ng6 Rxc1 30. Nxe7+ Kf7 31. Rxc1 Kxe7 32. Qxa7+ Kf6 33. Rf1 g4 34. Rc1 Nd6 35. b3 Nf5 36. Rc3 Rh8 37. Qc7 g3 38. Qe5+ Kg6 39. Qxe6+ 1-0